One Piece- Quels personnages correspondent à l'élément donné ? - Statistiques

Statistiques générales
  • Ce quiz a été pris 145 fois
    78 depuis la dernière actualisation
  • Le résultat moyen est 80 sur 90
Statistiques - réponses
Question Tuile Select % Correct
... a déjà été souverain d'un Etat ? Ace Non
98%
... utilise le Haki des rois ? Kinemon Non
98%
... a déjà été souverain d'un Etat ? Koby Non
98%
... utilise le Haki des rois ? Magellan Non
98%
... a mangé un Fruit du Démon ? Brook Oui
97%
... utilise le Haki des rois ? Crocodile Non
97%
... possède le D dans son nom ? Dragon Oui
97%
... a mangé un Fruit du Démon ? Franky Non
97%
... a déjà été souverain d'un Etat ? Jinbe Non
97%
... possède le D dans son nom ? Kizaru Non
97%
... a mangé un Fruit du Démon ? Mihawk Non
97%
... a mangé un Fruit du Démon ? Rayleigh Non
97%
... utilise le Haki des rois ? Roger Oui
97%
... a fait partie de l'équipage des Rocks ? Ryuma Non
97%
... a fait partie de l'équipage des Rocks ? Scoper Gaban Non
97%
... possède le D dans son nom ? Shanks Non
97%
... a mangé un Fruit du Démon ? Shiraoshi Non
97%
... possède le D dans son nom ? Smoker Non
97%
... possède le D dans son nom ? Usopp Non
97%
... a mangé un Fruit du Démon ? Vivi Non
97%
... ne fait pas partie de la race des humains ? Zoro Non
97%
... possède le D dans son nom ? Ace Oui
95%
... possède le D dans son nom ? Baggy Non
95%
... a déjà été souverain d'un Etat ? Barbe-Blanche Non
95%
... a fait sa première apparition avant l'ellipse ? Cesar Non
95%
... ne fait pas partie de la race des humains ? Cobra Non
95%
... a été l'un des 7 Grands Corsaires ? Crocodile Oui
95%
... a fait sa première apparition avant l'ellipse ? Judge Non
95%
... a fait partie de l'équipage des Rocks ? Kaido Oui
95%
... a fait sa première apparition avant l'ellipse ? Kinemon Non
95%
... possède le D dans son nom ? Law Oui
95%
... a eu à un moment une prime supérieur à 1 milliard de berrys ? Luffy Oui
95%
... a été l'un des 7 Grands Corsaires ? Marco Non
95%
... a mangé un Fruit du Démon ? Moria Oui
95%
... a fait partie de l'équipage des Rocks ? Oden Non
95%
... a fait partie de l'équipage des Rocks ? Rayleigh Non
95%
... a été l'un des 7 Grands Corsaires ? Zoro Non
95%
... a fait sa première apparition avant l'ellipse ? Big Mom Non
93%
... a été l'un des 7 Grands Corsaires ? Boa Hancock Oui
93%
... ne fait pas partie de la race des humains ? Brook Non
93%
... ne fait pas partie de la race des humains ? Hawkins Non
93%
... a été l'un des 7 Grands Corsaires ? Kid Non
93%
... s'est déjà battu directement contre Luffy ? Lucci Oui
93%
... utilise le Haki des rois ? Luffy Oui
93%
... a été l'un des 7 Grands Corsaires ? Moria Oui
93%
... a déjà été souverain d'un Etat ? Sabo Non
93%
... a été l'un des 7 Grands Corsaires ? Weeble Oui
93%
... a fait sa première apparition avant l'ellipse ? Ace Oui
92%
... a été l'un des 7 Grands Corsaires ? Ace Non
92%
... a fait sa première apparition avant l'ellipse ? Bartolomeo Non
92%
... a fait partie de l'équipage des Rocks ? Big Mom Oui
92%
... a déjà été souverain d'un Etat ? Doflamingo Oui
92%
... a fait sa première apparition avant l'ellipse ? Garp Oui
92%
... a mangé un Fruit du Démon ? Kinemon Oui
92%
... s'est déjà battu directement contre Luffy ? Magellan Oui
92%
... possède le D dans son nom ? Sauro Oui
92%
... a été l'un des 7 Grands Corsaires ? Trafalgar Law Oui
92%
... s'est déjà battu directement contre Luffy ? Trafalgar Law Non
92%
... a eu à un moment une prime supérieur à 1 milliard de berrys ? Van Augur Non
92%
... a fait partie de l'équipage des Rocks ? Barbe-Blanche Oui
90%
... a fait sa première apparition avant l'ellipse ? Dragon Oui
90%
... s'est déjà battu directement contre Luffy ? Ener Oui
90%
... ne fait pas partie de la race des humains ? King Oui
90%
... ne fait pas partie de la race des humains ? Leo Oui
90%
... a déjà été souverain d'un Etat ? Neptune Oui
90%
... a mangé un Fruit du Démon ? Pudding Oui
90%
... a fait partie de l'équipage des Rocks ? Shiki Oui
88%
... a eu à un moment une prime supérieur à 1 milliard de berrys ? Who's Who Non
88%
... utilise le Haki des rois ? Marco Non
86%
... a eu à un moment une prime supérieur à 1 milliard de berrys ? Nico Robin Non
86%
... s'est déjà battu directement contre Luffy ? Nico Robin Non
86%
... s'est déjà battu directement contre Luffy ? Blueno Oui
83%
... a fait sa première apparition avant l'ellipse ? Doflamingo Oui
83%
... ne fait pas partie de la race des humains ? Apoo Oui
81%
... s'est déjà battu directement contre Luffy ? Bonclay Non
81%
... utilise le Haki des rois ? Garp Oui
81%
... a eu à un moment une prime supérieur à 1 milliard de berrys ? Cracker Non
80%
... utilise le Haki des rois ? Koby Non
80%
... a fait partie de l'équipage des Rocks ? Stussy Oui
80%
... s'est déjà battu directement contre Luffy ? Yamato Non
80%
... a eu à un moment une prime supérieur à 1 milliard de berrys ? Jinbe Oui
76%
... a eu à un moment une prime supérieur à 1 milliard de berrys ? Marco Oui
76%
... a déjà été souverain d'un Etat ? Moria Non
75%
... utilise le Haki des rois ? Boa Hancock Oui
73%
... a eu à un moment une prime supérieur à 1 milliard de berrys ? Sabo Non
71%
... a eu à un moment une prime supérieur à 1 milliard de berrys ? Dorry Oui
68%
... a déjà été souverain d'un Etat ? Big Mom Oui
64%
... ne fait pas partie de la race des humains ? Ener Oui
61%
... s'est déjà battu directement contre Luffy ? Fujitora Non
49%
... ne fait pas partie de la race des humains ? Yamato Oui
41%
Aucun quiz correspondant
Distribution des résultats
% des personnes avec chaque résultat
Percentile par nombre de réponses
Votre historique - résultats
Vous n’avez pas pris ce quiz depuis la dernière actualisation